| 000 | 00524nam a2200181Ia 4500 | ||
|---|---|---|---|
| 003 | LK-CoDNM | ||
| 008 | 010623t2000 xxu||||| |||| 00| 1 sin d | ||
| 040 |
_aLK-CoDNM _dLK-CoDNM _eLK-CoDNM |
||
| 041 | _asin | ||
| 080 | _a809.12 (Sanskrutha) RAG | ||
| 100 | _aAmarathunga, A.M.D.Y.Sarathchandra | ||
| 245 | _aරඝුවංශය 1, 2, 3 සර්ග | ||
| 246 | _aRaguwansaya 1, 2, 3 Sarga | ||
| 260 |
_bSamayawardena _aColombo _c2000 |
||
| 300 | _b(vii)246, 21.5 cm | ||
| 650 | _aLanguage Linguisties | ||
| 942 | _cBK | ||
| 999 |
_c120580 _d120580 |
||